000 00342nam a2200133Ia 4500
008 231129s1993||||xx |||||||||||||| ||spa||
020 _a968-24-4497-7
040 _bspa
082 _a530 M965
245 0 _aEl mundo de la fí­sica 2
260 _c1993
264 _aTrillas : Anuies
942 _2ddc
_cBKS
999 _c11776
_d11776